000 00437nam a22001577a 4500
999 _c12937
_d12937
008 211228b ||||| |||| 00| 0 eng d
041 0 _aeng
082 0 0 _a351.5
_bM9927
100 _91282
_aMuthuswamy, P.
245 1 0 _aRetirement benefits
_cby P. Muthuswamy
250 _a3rd ed.
260 _aNew Delhi :
_bSwamy Publications,
_c1992.
300 _aV,87 p.
650 0 _aPublic Administration - India
_xRetirement Policy
942 _cBK